MARC

LEADER 00000nam0a2200000 4500
001 260365
005 20231101233454.0
020 |a RU  |b 88-21721 
035 |a (RuTPU)RU\TPU\book\283313 
090 |a 260365 
100 |a 20140515d1987 k y0rusy5003 ca 
101 0 |a rus 
102 |a RU 
105 |a y z 001zy 
200 1 |a Комбинаторно-алгебраические методы и их применения  |e межвузовский сборник  |f Горьковский государственный университет им. Н. И. Лобачевского (ГГУ) ; под ред. А. А. Марков 
210 |a Горький  |c Изд- во ГГУ  |d 1987 
215 |a 171 с. 
320 |a Библиогр. в конце ст. 
606 1 |a Комбинаторный анализ  |2 stltpush  |3 (RuTPU)RU\TPU\subj\14825  |9 41151 
606 1 |a Комбинаторика  |x (математическое программирование)  |2 stltpush  |3 (RuTPU)RU\TPU\subj\14821  |9 41147 
610 1 |a математические основы 
610 0 |a комбинаторно-алгебраические методы 
610 1 |a алгебра высшая 
610 1 |a кодирование 
610 1 |a теория 
610 1 |a управляющие системы 
610 1 |a синтез 
610 1 |a анализ 
610 1 |a формальные языки 
675 |a 519.1  |z rus  |v 3 
675 |a 519.854  |z rus  |v 3 
702 1 |a Марков  |b А. А.  |4 340 
712 0 2 |a Горьковский государственный университет им. Н. И. Лобачевского (ГГУ)  |2 stltpush  |3 (RuTPU)RU\TPU\col\2603 
801 0 |a RU  |b RuMRKP  |c 19950417  |g psbo 
801 1 |a RU  |b 63413507  |c 20140515 
801 2 |a RU  |b 63413507  |c 20161201  |g RCR 
942 |c BK